00877 a2200193 4500003000500000005001700005010001700022020001500039020001800054040000900072082000800081100001700089245008200106250001700188260003200205300002900237505038800266538002900654Nust20170207153454.0 a 2007376517 a9690013718 a9789690013712 cNust a9201 aAhmad, S. M.12aA lucky pilot :bmemoirs of Retired Wing Commander Lanky Ahmad /cS.M. Ahmad. a2nd rev. ed. aLahore :bFerozsons,c2001. a177 p. :bill. ;c22 cm. a1945-95 (Page-13) 1947 (page-24) 1947 (page-28) 1948 (page-31) 1948 (page-35) 1948 (Page-46) 1949 (page-49) 1949 (page-54) 1950 (page-57) 1949-1951 (Page-61) 1951 (Page-69) 1951 (page-74) 1950-1952 (Page-88) 1952 (Page-100) 1955(Page-109) 1957 (Page-127) 1964 (page-139) 1965 (page-143) 1969(Page-147) 1961-68(Page-152) 1995 (page-157) 1996 (page-163) 1996 (page-163) 1999(Page-170)  aAlmirah No.60 Shelf No.2